000 00527nam a2200169Ia 4500
003 GCL
008 140319s9999 xx 000 0 ara d
040 _aGCL /
_cGCL
082 0 4 _a813.03
_bت ش
100 1 _aتوفيق الحكيم
245 1 0 _aشجرة الحكم /
_cتوفيق الحكيم
260 _aبيروت :
_bدار الكتاب اللبنانى ،
_c1985
300 _a ؛
_c19 سم
490 _aمكتبة توفيق الحكيم الشعبية
_v0
650 0 4 _aالادب العربى
942 _2ddc
_cBK
999 _c53717
_d53717